|
|
|
|
| LEADER |
01190nam a22003012a 4500 |
| 001 |
000036349 |
| 003 |
CZ BrMZK |
| 005 |
20170315112647.0 |
| 008 |
951201s1984 xo f f slo d |
| 040 |
|
|
|a BOA001
|b cze
|
| 072 |
|
7 |
|a 796
|x Sport. Hry. Tělesná cvičení
|2 Konspekt
|9 20
|
| 080 |
|
|
|a 796.012.6:37.016
|2 MRF
|
| 080 |
|
|
|a 796.093
|2 MRF
|
| 080 |
|
|
|a 379.8.014.51
|2 MRF
|
| 080 |
|
|
|a (035)
|2 MRF
|
| 100 |
1 |
|
|a Jursíková, Tatiana
|7 xx0083488
|4 aut
|
| 245 |
1 |
0 |
|a Telesná výchova a šport v letnom tábore /
|c spracovaly: Tatiana Jursíková a Irča Novotná.
|
| 260 |
|
|
|a Bratislava :
|b Ústredný dom pionierov a mládeže K. Gottwalda,
|c 1984
|
| 300 |
|
|
|a 24 s.
|
| 650 |
0 |
7 |
|a tělesná výchova
|7 ph116513
|2 czenas
|
| 650 |
0 |
7 |
|a sportovní soutěže
|7 ph116254
|2 czenas
|
| 650 |
0 |
7 |
|a pionýrské tábory
|7 ph926477
|2 czenas
|
| 655 |
|
7 |
|a příručky
|7 fd133209
|2 czenas
|
| 700 |
1 |
|
|a Novotná, Irena,
|c trenérka
|4 aut
|
| 910 |
|
|
|a BOA001
|b PK-0097.623
|b X-0876.122
|
| 990 |
|
|
|a BK
|
| 996 |
7 |
|
|b 2619172660
|c X-0876.122
|l MZK
|r Sklad / do 24 hodin
|n 0
|w 000036349
|u 000020
|a 1
|e BOA001
|j MZK50
|s A
|
| 996 |
7 |
|
|b 3119999154
|c PK-0097.623
|l MZK
|r Sklad / do 1 hodiny
|n 0
|w 000036349
|u 000010
|a 1
|e BOA001
|j MZK50
|s A
|